LEADER 01289nam a2200301 u 4500 001 000000010125 003 CaOOAMICUS 005 20070226105300.0 008 940516s1991 it u000 u ita u 020 $a88-7011-396-5 035 $a10250989 040 $aIAR$bita 245 00$aBambini santi :$brappresentazioni dell'infanzia e modelli agiografici /$ca cura di Anna Benvenuti Papi e Elena Giannarelli. 260 $a[Torino] :$bRosenberg & Sellier,$c[1991] 300 $a184 p. ;$c22 cm 490 1 $aSacro/Santo ;$v5 504 $aComprende indicazioni bibliografia. 650 4$aAgiografia.$0(OLS)http://pul/subject/1470 700 1 $aGiannarelli, Elena.$0(OLS)http://pul/name/9977 700 1 $aBenvenuti Papi, Anna.$0(OLS)http://pul/name/3535 830 0$aSacro/Santo ;$v5.$0(OLS)http://pul/title/9649 850 $aPUL 852 $aPUL$W1$xSL Religione 1$y3$m32 A 41$j14368$nBK-PRI$b $qStampati$B14368$CPULBib$Z2$F14368 $HPUL94595 $81 941 1 $a8 960 $aHagiography$91470 996 $6020$a88-7011-396-5$9(OLS)http://pul/number/13020 996 $6245$aBambini santi :$brappresentazioni dell'infanzia e modelli agiografici$9(OLS)http://pul/title/14810 996 $6260$a[Torino] :$bRosenberg & Sellier$9(OLS)http://pul/publisher/52740 LEADER 01345nam a2200313 a 4500 001 000000174086 003 CaOOAMICUS 005 20201222114856.0 008 201222s2019 it u000 u ita r 032 $aLibriCat 040 $aPUL$bita 082 04$a261.8 245 00$aTecnica, economia, finanza : $bquale teologia oggi? /$ca cura di S. Luciano e M. Paradiso. 260 $aChieti :$bIstituto Teologico Abruzzese-Molisano,$cstampa 2019. 300 $a199 p. ;$c21 cm 490 1 $aQuaderni Planus 504 $aBibliografia in nota. 650 4$aEconomia e religione.$0(OLS)http://pul/subject/19411 650 4$aCristianesimo e società$ySec. XXI.$0(OLS)http://pul/subject/29434 700 1 $aLuciano, Settimio.$0(OLS)http://pul/name/100656 700 1 $aParadiso, Marcello,$d1953-$0(OLS)http://pul/name/70457 830 0$aQuaderni Planus.$0(OLS)http://pul/title/205471 850 $aPUL 852 $aPUL$W1$xSL Religione 3$y85$m230 COLL 16.3$j198351$qDDC 21$B202970$CPULBib$Z2$F202970 $H134648 $82 941 1 $a9 996 $6082$a261.8$9(OLS)http://pul/classification/367 996 $6245$aTecnica, economia, finanza : $bquale teologia oggi?$9(OLS)http://pul/title/215307 996 $6260$aChieti :$bIstituto Teologico Abruzzese-Molisano$9(OLS)http://pul/publisher/85818